000 00501nam a2200205Ia 4500
005 20240823031606.0
008 240823s9999||||xx |||||||||||||| ||und||
020 _a81-8209-085-7
041 _aENGLISH
082 _A311.2 P5
100 _aRajagopalan S P
245 0 _aBusiness Statistics and Operations Research I
250 _a1st
260 _c2005
_bVijay N
500 _aYES
650 _aBusiness Statistics
_bMathematics
700 _a Sttanathan R
942 _cBK
999 _c191438
_d191438